000 00471nam a2200181 a 4500
001 1777027203474
003 YourLibrary
005 20260424161207.0
008 260424s2010##################000#0#eng##
020 _a9781841139227
082 0 4 _a345.42SIM
100 1 _aSimester, A P,
_eauthor.
245 1 0 _aSimester and Sullivan's Criminal Law :
260 _bHart Publishing,
_c2010.
650 0 _aLaw.
942 _cENGLISH
040 _aYourLibrary
_beng
_cYourLibrary
999 _c619853
_d619853